[Event "Verden op-B"]
[Site "Verden"]
[Date "2023.01.05"]
[Round "1"]
[White "Wilmink, Luca"]
[Black "Buetow, Ingo"]
[Result "1-0"]
[WhiteElo "1416"]
[BlackElo "1722"]
[PlyCount "39"]
[EventDate "2023.01.05"]
[EventType "swiss"]
[EventRounds "7"]
[EventCountry "GER"]
[SourceTitle "CBM 212 Extra"]
[Source "ChessBase"]
[SourceDate "2023.03.31"]
[SourceVersion "1"]
[SourceVersionDate "2023.03.31"]
[SourceQuality "1"]

1. e4 d5 2. exd5 Qxd5 3. Nc3 Qd6 4. g3 Nf6 5. Bg2 c6 6. d4 Bg4 7. Qd3 e6 8. Bf4 Qd8 9. Nf3 Nbd7 10. h3 Bf5 11. Qd2 Bb4 12. 0-0 Ne4 13. Qe3 Nxc3 14. bxc3 Be7 15. Qe2 0-0 16. Rab1 b6 17. Ne5 Nxe5 18. Bxe5 Rc8 19. h4 Bf6 20. g4 1-0

[Event "Niedersachsen-ch op B"]
[Site "Verden"]
[Date "2019.01.05"]
[Round "5"]
[White "Buetow, Ingo"]
[Black "Rabe, Maximilian"]
[Result "1/2-1/2"]
[WhiteElo "1642"]
[BlackElo "1642"]
[PlyCount "21"]
[EventDate "2019.01.03"]
[EventType "swiss"]
[EventRounds "7"]
[EventCountry "GER"]
[SourceTitle "EXT 2022"]
[Source "ChessBase"]
[SourceDate "2021.10.06"]
[SourceVersion "1"]
[SourceVersionDate "2021.10.06"]
[SourceQuality "1"]

1. c4 e5 2. g3 Nf6 3. Bg2 Be7 4. Nc3 0-0 5. e3 c6 6. d4 exd4 7. Qxd4 Re8 8. Nge2 Bf8 9. 0-0 b6 10. b3 Bb7 11. Qd3 1/2-1/2

[Event "Niedersachsen-ch op B"]
[Site "Verden"]
[Date "2019.01.04"]
[Round "3"]
[White "Buetow, Ingo"]
[Black "Pfeifer, Frank"]
[Result "1-0"]
[WhiteElo "1642"]
[BlackElo "1474"]
[PlyCount "33"]
[EventDate "2019.01.03"]
[EventType "swiss"]
[EventRounds "7"]
[EventCountry "GER"]
[SourceTitle "EXT 2022"]
[Source "ChessBase"]
[SourceDate "2021.10.06"]
[SourceVersion "1"]
[SourceVersionDate "2021.10.06"]
[SourceQuality "1"]

1. c4 e5 2. g3 f5 3. d4 e4 4. Nc3 d6 5. Bg2 Be6 6. d5 Bf7 7. f3 exf3 8. Nxf3 Nd7 9. Ng5 Qe7 10. Nxf7 Qxf7 11. 0-0 Qh5 12. Nb5 Kd8 13. Nd4 Ne7 14. Ne6+ Kc8 15. Bg5 g6 16. Bf3 Qh3 17. Nf4 1-0

[Event "Niedersachsen-ch op B"]
[Site "Verden"]
[Date "2019.01.04"]
[Round "4"]
[White "Schlaetker, Christine"]
[Black "Buetow, Ingo"]
[Result "1/2-1/2"]
[WhiteElo "1668"]
[BlackElo "1642"]
[PlyCount "63"]
[EventDate "2019.01.03"]
[EventType "swiss"]
[EventRounds "7"]
[EventCountry "GER"]
[SourceTitle "EXT 2022"]
[Source "ChessBase"]
[SourceDate "2021.10.06"]
[SourceVersion "1"]
[SourceVersionDate "2021.10.06"]
[SourceQuality "1"]

1. e4 d5 2. Nc3 d4 3. Nce2 c5 4. Nf3 Nc6 5. Ng3 a6 6. Be2 e5 7. 0-0 Nf6 8. d3 Be7 9. h3 0-0 10. Nh2 Be6 11. f4 exf4 12. Bxf4 Bd6 13. Qd2 Qc7 14. Nh5 Nxh5 15. Bxd6 Qxd6 16. Bxh5 f6 17. Bg4 Bxg4 18. Nxg4 Ne5 19. Qe2 Rae8 20. Rf2 Qe6 21. Nxe5 fxe5 22. Rxf8+ Rxf8 23. b3 Qf6 24. Rf1 Qxf1+ 25. Qxf1 Rxf1+ 26. Kxf1 g5 27. Kf2 Kg7 28. Kf3 Kf6 29. Kg4 h5+ 30. Kf3 b5 31. a3 a5 32. Ke2 1/2-1/2

[Event "Niedersachsen-ch open"]
[Site "Verden"]
[Date "2010.01.05"]
[Round "6.39"]
[White "Buetow, Ingo"]
[Black "Kimmich, Bernd"]
[Result "0-1"]
[WhiteElo "1789"]
[BlackElo "1928"]
[PlyCount "108"]
[EventDate "2010.01.03"]
[EventType "swiss"]
[EventRounds "7"]
[EventCountry "GER"]
[SourceTitle "EXT 2012"]
[Source "ChessBase"]
[SourceDate "2011.11.24"]
[SourceVersion "1"]
[SourceVersionDate "2011.11.24"]
[SourceQuality "1"]

1. c4 c6 2. d4 d5 3. Nf3 Nf6 4. Nc3 e6 5. e3 Nbd7 6. Bd3 dxc4 7. Bxc4 b5 8. Be2 Bb7 9. a3 Be7 10. 0-0 a6 11. Nd2 0-0 12. Nf3 Qc7 13. Bd2 c5 14. dxc5 Nxc5 15. Rc1 Qb6 16. b4 Nce4 17. Nxe4 Nxe4 18. Qb3 Rfd8 19. Rfd1 Nxd2 20. Rxd2 Rxd2 21. Nxd2 Rd8 22. Nf3 Bf6 23. h3 g6 24. Qc2 Rc8 25. Qd2 Rxc1+ 26. Qxc1 Qc6 27. Qxc6 Bxc6 28. Nd4 Bd5 29. Bd1 Be7 30. Bf3 Bxf3 31. Nxf3 Bf6 32. Nd2 Bb2 33. Nb1 Kg7 34. Kf1 Kf6 35. Ke2 Ke5 36. Kd3 Kd5 37. e4+ Kc6 38. Kc2 Bd4 39. f3 f5 40. Kd3 Ba1 41. Nd2 Bb2 42. Nb1 Kd6 43. Kc2 Bd4 44. Kd3 Ba1 45. Nd2 Bb2 46. Nb1 Ke5 47. exf5 exf5 48. g3 h6 49. Ke2 Kd4 50. Kd2 Kc4 51. Kc2 Be5 52. g4 Kd4 53. Kd2 Bf4+ 54. Ke2 Kc4 0-1

[Event "Niedersachsen-ch open"]
[Site "Verden"]
[Date "2010.01.04"]
[Round "4.64"]
[White "Buetow, Ingo"]
[Black "Koch, Yannick"]
[Result "1/2-1/2"]
[WhiteElo "1789"]
[BlackElo "1176"]
[PlyCount "34"]
[EventDate "2010.01.03"]
[EventType "swiss"]
[EventRounds "7"]
[EventCountry "GER"]
[SourceTitle "EXT 2012"]
[Source "ChessBase"]
[SourceDate "2011.11.24"]
[SourceVersion "1"]
[SourceVersionDate "2011.11.24"]
[SourceQuality "1"]

1. c4 e5 2. Nc3 Nf6 3. g3 Be7 4. Bg2 0-0 5. a3 c6 6. e4 d6 7. d4 Qb6 8. Nge2 a5 9. 0-0 Bd7 10. h3 Qc7 11. Be3 b5 12. cxb5 cxb5 13. Rc1 Qb7 14. f4 b4 15. axb4 axb4 16. Nd5 Nxd5 17. exd5 exf4 1/2-1/2

[Event "Niedersachsen-ch open"]
[Site "Verden"]
[Date "2010.01.04"]
[Round "3.29"]
[White "Kaiser, Jonas"]
[Black "Buetow, Ingo"]
[Result "1-0"]
[WhiteElo "1939"]
[BlackElo "1789"]
[PlyCount "79"]
[EventDate "2010.01.03"]
[EventType "swiss"]
[EventRounds "7"]
[EventCountry "GER"]
[SourceTitle "EXT 2012"]
[Source "ChessBase"]
[SourceDate "2011.11.24"]
[SourceVersion "1"]
[SourceVersionDate "2011.11.24"]
[SourceQuality "1"]

1. d4 Nf6 2. Nf3 g6 3. c4 Bg7 4. Nc3 d5 5. e3 0-0 6. Bd3 c5 7. 0-0 cxd4 8. exd4 dxc4 9. Bxc4 Bg4 10. d5 Nbd7 11. Re1 Rc8 12. Bb3 Nc5 13. Bc2 a6 14. Be3 Qd6 15. h3 Bxf3 16. Qxf3 Rfe8 17. Rad1 b5 18. a3 Nfd7 19. Bf4 Qf6 20. Qg3 h6 21. h4 Qb6 22. Re2 Nf6 23. Rde1 Nh5 24. Qe3 Nxf4 25. Qxf4 Qf6 26. Qg3 Kf8 27. Re3 Qb6 28. Rf3 Kg8 29. h5 g5 30. Qg4 Rcd8 31. Qf5 f6 32. Rfe3 Qc7 33. b4 Nb7 34. Qh7+ Kf8 35. Bf5 Nd6 36. Be6 Nf7 37. Qg6 Nh8 38. Qh7 Nf7 39. Ne4 Qf4 40. Ng3 1-0

[Event "Niedersachsen-ch"]
[Site "Verden"]
[Date "2008.01.04"]
[Round "4"]
[White "Buetow, Ingo"]
[Black "Mueller, Wolfgang"]
[Result "0-1"]
[WhiteElo "1714"]
[BlackElo "1867"]
[PlyCount "58"]
[EventDate "2008.01.03"]
[EventType "swiss"]
[EventRounds "7"]
[EventCountry "GER"]
[SourceTitle "EXT 2010"]
[Source "ChessBase"]
[SourceDate "2010.11.25"]
[SourceVersion "1"]
[SourceVersionDate "2010.11.25"]
[SourceQuality "1"]

1. c4 e5 2. Nc3 Nf6 3. Nf3 Nc6 4. e4 d6 5. h3 Be6 6. d4 exd4 7. Nxd4 Qd7 8. f4 Qe7 9. Be3 g6 10. Be2 Bg7 11. 0-0 0-0 12. Qd2 Nxd4 13. Bxd4 c5 14. Be3 Bd7 15. Bf3 Bc6 16. Nd5 Bxd5 17. exd5 Ne4 18. Bxe4 Qxe4 19. Rae1 Qxc4 20. b3 Qc3 21. f5 Qxd2 22. Bxd2 Bd4+ 23. Kh1 Rfe8 24. Bf4 gxf5 25. Bxd6 Rxe1 26. Rxe1 Rd8 27. Bf4 Rxd5 28. Bh6 Be5 29. Kg1 f6 0-1

[Event "Harburg-chG 5th"]
[Site "Hamburg"]
[Date "2007.07.07"]
[Round "3"]
[White "Buetow, Ingo"]
[Black "Kunze, Sebastian"]
[Result "0-1"]
[WhiteElo "1700"]
[BlackElo "1817"]
[PlyCount "122"]
[EventDate "2007.07.06"]
[EventType "tourn"]
[EventRounds "5"]
[EventCountry "GER"]
[SourceTitle "EXT 2008"]
[Source "ChessBase"]
[SourceDate "2007.11.25"]
[SourceVersion "1"]
[SourceVersionDate "2007.11.25"]
[SourceQuality "1"]

1. c4 e5 2. Nc3 Nf6 3. Nf3 Nc6 4. e4 Be7 5. d4 exd4 6. Nxd4 d6 7. Nxc6 bxc6 8. Be2 Rb8 9. b3 Nd7 10. Bb2 Bf6 11. Rb1 0-0 12. 0-0 Nc5 13. Bd3 Re8 14. f3 Bd4+ 15. Kh1 Qf6 16. Qd2 Be6 17. Nd1 a5 18. Be2 Bxb2 19. Qxb2 Rb4 20. Qxf6 gxf6 21. Ne3 Reb8 22. Nc2 R4b6 23. Rfd1 Na6 24. Nd4 a4 25. Bd3 axb3 26. axb3 Nb4 27. Be2 Bd7 28. Rdc1 c5 29. Nb5 Bxb5 30. cxb5 c6 31. bxc6 Nxc6 32. Bc4 Nd4 33. Rc3 f5 34. Bd5 Rb4 35. h3 f4 36. Ra1 Nxb3 37. Ra7 Nd4 38. Rxf7 Kh8 39. e5 Ne2 40. Ra3 Ng3+ 41. Kh2 Rb1 42. Rxf4 Nf1+ 43. Kg1 Ne3+ 44. Kf2 Nxd5 45. Rf7 R1b2+ 46. Kf1 Rc2 47. Kg1 Rg8 48. e6 Rcxg2+ 49. Kf1 c4 50. f4 c3 51. Raa7 Nf6 52. Rac7 c2 53. Ke1 c1Q+ 54. Rxc1 Rg1+ 55. Kd2 R8g2+ 56. Kd3 Rxc1 57. e7 Ne8 58. Rf8+ Rg8 59. f5 Kg7 60. f6+ Nxf6 61. Rxg8+ Kxg8 0-1

[Event "Niedersachsen-ch"]
[Site "Verden"]
[Date "2006.01.06"]
[Round "3"]
[White "Buetow, Ingo"]
[Black "Thumulka, Patrick"]
[Result "1-0"]
[WhiteElo "1615"]
[BlackElo "1369"]
[PlyCount "65"]
[EventDate "2006.01.??"]
[EventType "swiss"]
[EventRounds "7"]
[EventCountry "GER"]
[SourceTitle "CBM 110 Extra"]
[Source "ChessBase"]
[SourceDate "2006.03.10"]
[SourceVersion "2"]
[SourceVersionDate "2006.03.10"]
[SourceQuality "1"]

1. c4 g6 2. Nc3 Bg7 3. d4 Nf6 4. e4 d6 5. f3 0-0 6. Be3 e6 7. Qd2 Bd7 8. Bh6 Nc6 9. Bxg7 Kxg7 10. Nge2 Ne7 11. g4 c6 12. Ng3 c5 13. g5 Ne8 14. h4 Rh8 15. 0-0-0 b6 16. h5 Nc6 17. d5 Na5 18. hxg6 fxg6 19. f4 Qc7 20. b3 Nb7 21. Bh3 Qc8 22. Rh2 Nc7 23. Rdh1 Qg8 24. f5 exf5 25. exf5 Be8 26. f6+ Kf8 27. Qe2 Qf7 28. Be6 Nxe6 29. dxe6 Qc7 30. Nd5 Qc8 31. Rxh7 Rxh7 32. Rxh7 Kg8 33. Rg7+ 1-0